000 00287nam a22001337a 4500
008 170406b xxu||||| |||| 00| 0 eng d
020 _a0121819736
041 _aeng
080 _a575
100 _a9
101 _a575
245 _aMETHODS IN ENZYMOLOGY
_cLANGONE, J.J
942 _2udc
_cBK
999 _c9963
_d9963